| 000 | 00362nam a2200109Ia 4500 | ||
|---|---|---|---|
| 008 | 171204s9999 xx 000 0 und d | ||
| 245 | _aSocial, Casual and Mobile Games: The Changing Gaming Landscape: | ||
| 245 | _cMichele Willson and Tama Leaver | ||
| 260 | _c2016 | ||
| 650 | _xGAME DESIGN AND PRODUCTION | ||
| 856 | _uhttp://down.ebook777.com/030/1501310607.pdf | ||
| 999 |
_c346322 _d346322 |
||